Statistics for Hawaii Senators by Picture

Click here to take the quiz!

General Stats

  • This quiz has been taken 13 times
  • The average score is 5 of 7

Answer Stats

Answer% Correct
Brian Schatz
90%
Daniel Inouye
90%
Mazie Hirono
90%
Daniel Akaka
70%
Hiram Fong
60%
Spark Matsunaga
40%
Oren E. Long
30%

Score Distribution

Percentile by Number Answered

Percent of People with Each Score

Your Score History

You have not taken this quiz